Tomáš Berka - divadlo /

Další autoři: Lacika, Ivan, 1943-
Jazyk: Němčina
Slovenština
Angličtina
Vydáno: Bratislava : Národné divadelné centrum, 1991
Fyzický popis: 40 s. : il.
Language note: Souběžný anglický a německý text
Knihy
Uloženo v:
LEADER 00775nam a22002292a 4500
001 001699014
003 CZ BrMZK
005 20190804081152.0
007 ta
008 190804s1991 xo a er|||||||||||slo d
040 |a ABA001  |b cze  |c ABA001  |d ABA001  |d BOA001 
041 1 |a slo  |a eng  |a ger  |h slo 
080 9 |a 75/76.071.1 Berka,T.:[766:659.133.1]:792(081)=854 
245 0 0 |a Tomáš Berka - divadlo /  |c zost. Ivan Lacíka 
260 |a Bratislava :  |b Národné divadelné centrum,  |c 1991 
300 |a 40 s. :  |b il. 
546 |a Souběžný anglický a německý text 
700 1 |a Lacika, Ivan,  |d 1943-  |7 jn20000603628  |4 com 
910 |a BOA001  |b X2-0969.012 
990 |a BK 
991 |b 201908 
996 6 |b 2618817062  |c X2-0969.012  |l MZK  |r Sklad / do 24 hodin  |n 0  |w 001745837  |u 000010  |a 1  |e BOA001  |j MZK50  |s P